|
|
|
|
| LEADER |
01030nab#a2200313#ar4500 |
| 001 |
000098511 |
| 003 |
SVKKK |
| 005 |
20091116112019.0 |
| 008 |
080509c2009 xo |||||||||||||||b|eng |
| FMT |
|
|
|
| 015 |
|
|
|a SNBRB2009/11
|
| 038 |
|
|
|a SVKKK
|
| 040 |
|
|
|a SVKKK
|b slo
|e AACR2
|
| 041 |
0 |
|
|a eng
|
| 044 |
|
|
|a ne
|c NL
|
| 080 |
|
|
|a 552.523
|2 1997
|
| 100 |
1 |
|
|a Azam, Shahid
|4 aut
|
| 242 |
1 |
0 |
|a Diskusia k článku E. Avsara, R. Ulusaya and H. Sonmeza "Hodnotenie anizotropie napúčania ankarského ílu" [Engineering Geology, 105, č. 1-2 (2009), s. 24-31]
|
| 245 |
1 |
0 |
|a Discussion on "Assessment of swelling anisotropy of Ankara clay" by E. Avsar, R. Ulusay and H. Sonmez [Engineering Geology 105 (1-2) (2009) 24-31]
|c Shahid Azam
|
| 504 |
|
|
|a Bibliogr. odkazy
|
| 650 |
0 |
4 |
|a ankarské íly
|x anizotropia napúčania
|
| 773 |
0 |
|
|t Engineering geology
|g Roč. 108, č. 3-4 (október 2009), s. 304-305
|x 0013-7952
|
| 958 |
|
|
|a NB
|
| 974 |
|
|
|a Ni
|
| 992 |
|
|
|a RBX
|
| BAS |
|
|
|
| 852 |
|
|
|a SVKKK
|b BIB
|
| EXP |
|
|
|
| 998 |
|
|
|a GEO
|